00766nam a2200205 a 45000010005000000030010000050050017000150080041000320200015000730400025000880800023001131110085001362450093002212600057003143000027003715000048003985040025004466500046004717100043005171466BR-CuiBMT20231217151508.0231211s1999 dfba ||| 000 0 por d a8572020098 aBR-CuiBMTcBR-CuiBMT a336.1x(062)220071 aSeminário Internacional sobre Finanças Públicas d(1996 :cBrasília, DF)10aSeminário Internacional sobre Finanças Públicas /cSecretaria do Tesouro Nacional. aBrasília :bSecretaria do Tesouro Nacional,c1999. a556 p. :bil. ;c26 cm aTextos em português, espanhol e inglês. aInclui bibliografia. aFinanças públicasxCongressoszBrasil1 aBrasilbSecretaria do Tesouro Nacional